Las mejores escenas de teatro español e hispanoamericano : (Record no. 2299)

000 -CABECERA
fixed length control field 00832nam a22002177a 4500
003 - IDENTIFICADOR DEL NÚMERO DE CONTROL
control field AR-CdUCM
008 - DATOS DE LONGITUD FIJA--INFORMACIÓN GENERAL
fixed length control field 190304b ||||| |||| 00| 0 eng d
040 ## - FUENTE DE LA CATALOGACIÓN
Agencia/entidad que catalogó originalmente la obra MUNICIPALIDAD PROVINCIAL DEL CUSCO
Entidad que transcribió la catalogación BIBLIOTECA MUNICIPAL DEL CUSCO
082 ## - NÚMERO DE LA CLASIFICACIÓN DECIMAL DEWEY
No. de Clasificación 862.08 /
Notacion interna E86
100 ## - ENTRADA PRINCIPAL--NOMBRE DE PERSONA
Nombre Personal Espina, Antonio
245 ## - MENCIÓN DE TÍTULO
Título Las mejores escenas de teatro español e hispanoamericano :
Resto del título desde sus orígenes hasta la época actual /
260 ## - PUBLICACIÓN, DISTRIBUCIÓN, ETC.
Lugar de publicación, distribución, etc. Madrid :
Nombre de la editorial, distribuidor, etc. Aguilar,
Fecha de publicación, distribución, etc. 1959.
300 ## - DESCRIPCIÓN FÍSICA
Nº de Páginas Extensión 1172 páginas ;
Dimensiones 24 cm.
500 ## - NOTA GENERAL
Bibliografía Con bibliografía e índices.
505 ## - NOTA DE CONTENIDO CON FORMATO
Nota de contenido formateada Contenido: Neoclásicos -- Romanticismo y neorromanticismo -- El realismo -- Los modernos -- Los Hispanoamérica ...
650 ## - PUNTO DE ACCESO ADICIONAL DE MATERIA--TÉRMINO DE MATERIA
Descriptor Teatro Español
9 (RLIN) 648
650 ## - PUNTO DE ACCESO ADICIONAL DE MATERIA--TÉRMINO DE MATERIA
Descriptor Teatro Latinoamericano
9 (RLIN) 8298
650 ## - PUNTO DE ACCESO ADICIONAL DE MATERIA--TÉRMINO DE MATERIA
Descriptor Bibliografias
9 (RLIN) 991
942 ## - ELEMENTOS DE PUNTO DE ACCESO ADICIONAL (KOHA)
Fuente de clasificación
Tipo de item Libros-BMC
945 ## - PROCESAMIENTO DE INFORMACIÓN LOCAL (OCLC)
Catalogador raen
Holdings
Estado de retiro (separado) Fuente de clasificación o esquema de estanterías Estado dañado Ubicación Sala donde se ubica Nombre de la colección Fecha de adquisición o compra Costo, precio normal en soles Signatura topográfica Código de Barras Última vez visto (Koha) Tipo de ítem (Koha)
No     Sala Humanidades Sala Humanidades Book Cart 2019-03-04 120.00 862.08 / E86 SH0000002394 2019-03-04 Libros-BMC

Powered by Koha